[Event "Valasska Bystrice op"]
[Site "Valasska Bystrice"]
[Date "2023.09.12"]
[Round "5"]
[White "Jindrasek, Mojmir"]
[Black "Divis, Jan"]
[Result "1/2-1/2"]
[WhiteElo "1644"]
[BlackElo "1506"]
[PlyCount "109"]
[EventDate "2023.09.09"]
[EventType "swiss"]
[EventRounds "9"]
[EventCountry "CZE"]
[SourceTitle "EXT 2024"]
[Source "ChessBase"]
[SourceDate "2023.10.10"]
[SourceVersion "1"]
[SourceVersionDate "2023.10.10"]
[SourceQuality "1"]

1. e4 d5 2. exd5 Qxd5 3. Nc3 Qa5 4. Nf3 Nf6 5. Be2 Bf5 6. 0-0 c6 7. a3 e6 8. d3 Nbd7 9. Nd4 Bg6 10. Be3 Bd6 11. Qd2 0-0 12. b4 Qc7 13. g3 a6 14. Nf3 h6 15. Rab1 Nd5 16. Ne4 Nxe3 17. Qxe3 Bxe4 18. dxe4 a5 19. c4 axb4 20. axb4 Ra2 21. c5 Be7 22. Ra1 Rfa8 23. Rxa2 Rxa2 24. Rb1 Bf6 25. Bd1 Ne5 26. Bb3 Nxf3+ 27. Qxf3 Ra3 28. Qd3 Qe5 29. f4 Qd4+ 30. Qxd4 Bxd4+ 31. Kg2 Ra1 32. Rxa1 Bxa1 33. Ba4 Bd4 34. Kf3 Kf8 35. g4 Ke7 36. h4 Kd7 37. e5 Bc3 38. b5 Bd4 39. bxc6+ bxc6 40. Ke4 Bxc5 41. f5 exf5+ 42. Kxf5 Be7 43. h5 Kc7 44. Bb3 f6 45. exf6 Bxf6 46. Bf7 c5 47. Ke4 Kd6 48. Kd3 Ke5 49. Kc4 Be7 50. Be8 Kf4 51. Bd7 Kg5 52. Bc8 g6 53. hxg6 Kxg6 54. Bf5+ Kg5 55. Bd7 1/2-1/2

[Event "Valasska Bystrice op 13th"]
[Site "Valasska Bystrice"]
[Date "2022.09.17"]
[Round "9"]
[White "Hurta, Karel"]
[Black "Jindrasek, Mojmir"]
[Result "1/2-1/2"]
[WhiteElo "1723"]
[BlackElo "1778"]
[PlyCount "50"]
[EventDate "2022.09.10"]
[EventType "swiss"]
[EventRounds "9"]
[EventCountry "CZE"]
[SourceTitle "CBM 210 Extra"]
[Source "ChessBase"]
[SourceDate "2022.11.30"]
[SourceVersion "1"]
[SourceVersionDate "2022.11.30"]
[SourceQuality "1"]

1. e4 c5 2. Nf3 d6 3. d4 cxd4 4. Nxd4 Nf6 5. Nc3 a6 6. h3 e6 7. Be3 Qc7 8. Bd3 b5 9. a3 Nbd7 10. Qd2 Ne5 11. 0-0 Bb7 12. Rac1 Nc4 13. Bxc4 Qxc4 14. f3 Rc8 15. Nb3 Qc7 16. Qf2 d5 17. exd5 Nxd5 18. Nxd5 Bxd5 19. Kh1 Bd6 20. Nd2 0-0 21. Ne4 Bxe4 22. fxe4 Bc5 23. Bxc5 Qxc5 24. Qf3 Qe5 25. c3 f6 1/2-1/2